000 00413nam a2200181Ia 4500
001 18675
005 20260306171648.0
008 260306s9999||||xx |||||||||||||| ||und||
041 _aESP
082 _a658.45
_bM84
100 _aMonroy Morante, Jesús
_eAUT
245 0 _aEl empresario y la comunicación
260 _c1999
300 _a
_c
650 _aGEN
654 _aCAN
942 _cLIB
_dJUS
_fJUS
_2ddc
_n
999 _c18675
_d18675